UM Logo

Psychodynamic therapy : (Record no. 23839)

MARC details
000 -LEADER
fixed length control field 00962nam a22002537a 4500
005 - DATE AND TIME OF LATEST TRANSACTION
control field 20250922091107.0
008 - FIXED-LENGTH DATA ELEMENTS--GENERAL INFORMATION
fixed length control field 250918b |||||||| |||| 00| 0 eng d
020 ## - INTERNATIONAL STANDARD BOOK NUMBER
International Standard Book Number 9781462554072
082 ## - DEWEY DECIMAL CLASSIFICATION NUMBER
Classification number DC 616.8914 Su645 2024
100 ## - MAIN ENTRY--PERSONAL NAME
Personal name Summers, Richard F.
9 (RLIN) 67767
245 ## - TITLE STATEMENT
Title Psychodynamic therapy :
Remainder of title a guide to evidence-based practice /
Statement of responsibility, etc. Richard F. Summers, Jacques P. Barber, and Sigal Zilcha-Mano.
250 ## - EDITION STATEMENT
Edition statement Second edition.
260 ## - PUBLICATION, DISTRIBUTION, ETC. (IMPRINT)
Place of publication, distribution, etc. New York :
Name of publisher, distributor, etc. The Guilford Press,
Date of publication, distribution, etc. ©2024.
300 ## - PHYSICAL DESCRIPTION
Extent xii, 410 pages :
Other physical details illustrations ;
Dimensions 23 cm.
500 ## - GENERAL NOTE
General note Includes references and index.
650 #0 - SUBJECT ADDED ENTRY--TOPICAL TERM
Topical term or geographic name as entry element Psychodynamic psychotherapy.
9 (RLIN) 67975
650 #0 - SUBJECT ADDED ENTRY--TOPICAL TERM
Topical term or geographic name as entry element Evidence-based psychotherapy.
9 (RLIN) 67976
650 #0 - SUBJECT ADDED ENTRY--TOPICAL TERM
Topical term or geographic name as entry element Evidence-based medicine.
9 (RLIN) 67977
650 #0 - SUBJECT ADDED ENTRY--TOPICAL TERM
Topical term or geographic name as entry element Psychotherapy
General subdivision methods.
9 (RLIN) 67978
650 #0 - SUBJECT ADDED ENTRY--TOPICAL TERM
Topical term or geographic name as entry element Evidence-Based Medicine.
9 (RLIN) 67979
700 ## - ADDED ENTRY--PERSONAL NAME
Personal name Barber, Jacques P.
Relator term author.
9 (RLIN) 58512
700 ## - ADDED ENTRY--PERSONAL NAME
Personal name Mano, Sigal Zilcha.
Relator term author.
9 (RLIN) 67768
942 ## - ADDED ENTRY ELEMENTS (KOHA)
Source of classification or shelving scheme Dewey Decimal Classification
Koha item type Circulation
Holdings
Withdrawn status Lost status Source of classification or shelving scheme Damaged status Not for loan Collection code Home library Current library Date acquired Source of acquisition Cost, normal purchase price Total Checkouts Full call number Barcode Date last seen Price effective from Koha item type
    Dewey Decimal Classification     Circulation UM Digos College - LIC UM Digos College - LIC 08/11/2025 Purchased 4778.00   DC 616.8914 Su645 2024 28880 09/18/2025 09/18/2025 Circulation